000 00313nam a22001337a 4500
005 20161022150211.0
008 161022b xxu||||| |||| 00| 0 eng d
041 _aeng
100 _aDESHMUKH,R.T
_93616
245 _aMINERAL AND MINE ECONOMICS
300 _a558
650 _aMINING ENGINEERING
_93617
942 _cBK
999 _c5277
_d5275